| 000 | 00456cam a2200193ua 4500 | ||
|---|---|---|---|
| 001 | 9137 | ||
| 008 | 150224n ii |||gr||||Z||||||asm | ||
| 020 | _a9788191068917 | ||
| 040 | _cMAIN | ||
| 041 | _aasm | ||
| 082 | _a320 | ||
| 100 |
_aChakrabarty, A.., _eAuthor., |
||
| 245 |
_aContemporary world politics _cBy A. Chakrabarty |
||
| 250 | _a22th. | ||
| 260 |
_aGuwahati: _bArun, _c2011. |
||
| 300 | _a168p. | ||
| 653 | _aPolitical science | ||
| 942 | _cBK | ||
| 999 |
_c8209 _d8209 |
||